logo

Bir Sreshtho Munshi Abdur Rouf Library
Jhenaidah Cadet College

An Introduction to the theory of statistics / (Record no. 7846)

MARC details
000 -LEADER
fixed length control field 00602nam a2200229 a 4500
001 - CONTROL NUMBER
JCCL Control Number 7846
003 - CONTROL NUMBER IDENTIFIER
JCCL marc code BD-JhCC
005 - DATE AND TIME OF LATEST TRANSACTION
control field 20180214170226.0
008 - FIXED-LENGTH DATA ELEMENTS--GENERAL INFORMATION
fixed length control field 171219s2008 b d|||| || | 000 0 eng d
035 ## - SYSTEM CONTROL NUMBER
system control number (BD-JhCC)7846
040 ## - CATALOGING SOURCE
Original cataloging agency BD-JhCC
Modifying agency BD-JhCC
041 ## - LANGUAGE CODE
Language code of Book eng
082 ## - DEWEY DECIMAL CLASSIFICATION NUMBER
Classification number 311
Author mark and Year SHI 2008
100 ## - MAIN ENTRY--PERSONAL NAME
Personal name Shil, Rabindra Nath
245 ## - TITLE STATEMENT
Title An Introduction to the theory of statistics /
Statement of responsibility, etc Rabindra Nath Shil
260 ## - PUBLICATION, DISTRIBUTION, ETC. (IMPRINT)
Place of publication, distribution, etc Chittagong :
Name of publisher, distributor, etc Hazibook Depot,
Date of publication, distribution, etc 2008.
300 ## - PHYSICAL DESCRIPTION
Pagination 505 p. :
Dimensions 22 cm.
650 ## - SUBJECT ADDED ENTRY--TOPICAL TERM
Topical term or geographic name as entry element Statistic
700 ## - ADDED ENTRY--PERSONAL NAME
Personal name Subash Chandra Debnath
942 ## - ADDED ENTRY ELEMENTS (KOHA)
Source of classification or shelving scheme Dewey Decimal Classification
Koha item type Books
Holdings
Source of classification or shelving scheme Damaged status Not for loan Home library Current library Shelving location Source of acquisition Cost, normal purchase price Total Checkouts Full call number Barcode Date last seen Copy number Koha item type
Dewey Decimal Classification     JCC Rouf Library JCC Rouf Library General Stacks Zahedee Foundation 180.00   311 SHI 2008 9963 02/14/2018 C - 1 Books

JCC Library | Contacts | JCC Home

Last Update on 23 September 2017
Copyright @ 2017-2020 JCC Rouf Library
Rouf Library, Jhenidah Cadet College (JCC), Bangladesh